[Event "Zagreb GP U16"]
[Site "Zagreb"]
[Date "2013.05.28"]
[Round "3"]
[White "Markovic, Petar"]
[Black "Muha, Magdalena"]
[Result "0-1"]
[WhiteElo "1645"]
[BlackElo "1579"]
[PlyCount "66"]
[EventDate "2013.05.26"]
[EventType "swiss"]
[EventRounds "6"]
[EventCountry "CRO"]
[SourceTitle "CBM 154 Extra"]
[Source "ChessBase"]
[SourceDate "2013.06.25"]
[SourceVersion "2"]
[SourceVersionDate "2013.06.25"]
[SourceQuality "1"]

1. Nf3 d5 2. g3 Nf6 3. Bg2 c6 4. 0-0 Bf5 5. Nc3 Nbd7 6. d3 e5 7. Bg5 Bd6 8. e4 Bg6 9. exd5 cxd5 10. Nxd5 0-0 11. Nxf6+ Nxf6 12. d4 exd4 13. Nxd4 Qb6 14. Bxf6 gxf6 15. Rb1 Be5 16. Nb3 Rac8 17. Rc1 Bxb2 18. c3 Bxc1 19. Qxc1 Rfd8 20. Bh3 Rc7 21. Rd1 Rxd1+ 22. Qxd1 Rxc3 23. Bg2 Rd3 24. Qc2 Qd6 25. Qc8+ Qd8 26. Qxb7 Rd1+ 27. Bf1 Bd3 28. Qxa7 Rxf1+ 29. Kg2 Qd5+ 30. Kh3 Bf5+ 31. Kh4 Qe4+ 32. Kh5 Qg4+ 33. Kh6 Qg6# 0-1

[Event "Zagreb GP U16"]
[Site "Zagreb"]
[Date "2013.05.26"]
[Round "1"]
[White "Markovic, Petar"]
[Black "Markovic, Franjo Josip"]
[Result "0-1"]
[WhiteElo "1645"]
[BlackElo "1892"]
[PlyCount "64"]
[EventDate "2013.05.26"]
[EventType "swiss"]
[EventRounds "6"]
[EventCountry "CRO"]
[SourceTitle "CBM 154 Extra"]
[Source "ChessBase"]
[SourceDate "2013.06.25"]
[SourceVersion "2"]
[SourceVersionDate "2013.06.25"]
[SourceQuality "1"]

1. Nf3 Nf6 2. g3 d5 3. Bg2 c6 4. 0-0 Bg4 5. h3 Bxf3 6. Bxf3 e5 7. d3 Be7 8. e4 d4 9. c3 dxc3 10. Nxc3 0-0 11. Be3 Nbd7 12. d4 exd4 13. Bxd4 c5 14. e5 cxd4 15. exf6 Nxf6 16. Ne2 d3 17. Nf4 d2 18. Bxb7 Rb8 19. Bf3 Rxb2 20. Nh5 Nxh5 21. Bxh5 Qa5 22. Qf3 Rxa2 23. Rxa2 Qxa2 24. Rd1 Bf6 25. Qd3 Rd8 26. Qe2 Qc2 27. Rf1 Qd3 28. Qd1 a5 29. Be2 Qd4 30. Kg2 a4 31. Bb5 Qd5+ 32. f3 Qxb5 0-1

[Event "Zagreb GP U16"]
[Site "Zagreb"]
[Date "2013.05.26"]
[Round "2"]
[White "Novak, Bruna"]
[Black "Markovic, Petar"]
[Result "0-1"]
[WhiteElo "1601"]
[BlackElo "1645"]
[PlyCount "78"]
[EventDate "2013.05.26"]
[EventType "swiss"]
[EventRounds "6"]
[EventCountry "CRO"]
[SourceTitle "CBM 154 Extra"]
[Source "ChessBase"]
[SourceDate "2013.06.25"]
[SourceVersion "2"]
[SourceVersionDate "2013.06.25"]
[SourceQuality "1"]

1. d4 Nf6 2. e3 g6 3. Bc4 Bg7 4. Nf3 0-0 5. 0-0 d6 6. Nbd2 d5 7. Bd3 Bg4 8. h3 Bxf3 9. Nxf3 Ne4 10. c4 Nf6 11. b3 c6 12. Ng5 dxc4 13. bxc4 h6 14. Ne4 Nxe4 15. Bxe4 a6 16. Rb1 f5 17. Bf3 b5 18. cxb5 axb5 19. Qb3+ Kh8 20. Rd1 Qe8 21. e4 fxe4 22. Bxe4 g5 23. Bc2 Qf7 24. Rf1 Qxb3 25. Rxb3 Rxa2 26. Bb1 Ra4 27. Ba3 Re8 28. Rf3 Rxd4 29. Bb2 Rf4 30. Rb3 Bxb2 31. Rxb2 e5 32. Re2 g4 33. Rfe1 gxh3 34. Bg6 Rg8 35. Rxe5 Nd7 36. Re7 Rxg6 37. Re8+ Rf8 38. R8e7 Rxg2+ 39. Kf1 Rfxf2# 0-1